| Tag |
First Indicator |
Second Indicator |
Subfields |
| LEADER |
00000cam a2200000 a 4500 |
| 001 |
in00000632721 |
| 005 |
20151015053809.0 |
| 008 |
720613s1970 onca b 00100 engm |
| 010 |
|
|
|a 75883861
|
| 035 |
|
|
|a (OCoLC)00330521
|
| 035 |
|
|
|9 ACU6426AM
|
| 040 |
|
|
|c TOL
|d TXA
|d UtOrBLW
|
| 049 |
|
|
|a TXAM
|c [984973]
|
| 050 |
0 |
0 |
|a TA658.2
|b .S76
|
| 245 |
0 |
0 |
|a Structural reliability and codified design :
|b eight special lectures presented at the University of Waterloo from October 6 to December 15, 1969 /
|c by Fred Moses [and others] ; N.C. Lind, editor.
|
| 264 |
|
1 |
|a Waterloo, Ont. :
|b Solid Mechanics Division, University of Waterloo,
|c [1970]
|
| 264 |
|
4 |
|c ©1970
|
| 300 |
|
|
|a xviii, 167 pages :
|b illustrations ;
|c 24 cm.
|
| 336 |
|
|
|a text
|b txt
|2 rdacontent
|
| 337 |
|
|
|a unmediated
|b n
|2 rdamedia
|
| 338 |
|
|
|a volume
|b nc
|2 rdacarrier
|
| 490 |
1 |
|
|a Waterloo, Ont. University. Solid Mechanics Division. SM study ;
|v no. 3
|
| 500 |
|
|
|a Includes index.
|
| 504 |
|
|
|a Bibliography: pages 157-167.
|
| 650 |
|
0 |
|a Structural design.
|
| 650 |
|
0 |
|a Structural stability.
|
| 700 |
1 |
|
|a Moses, Fred.
|
| 700 |
1 |
|
|a Lind, N. C.
|q (Niels Christian),
|d 1930-
|
| 830 |
|
0 |
|a SM study ;
|v no. 3.
|
| 999 |
|
|
|a MARS
|
| 999 |
f |
f |
|s 1810018d-b3c8-3646-97f0-3e7b33a2c910
|i 9a19fc03-6b5c-31e0-9d55-c52c0c7b62a3
|t 0
|
| 952 |
f |
f |
|p ric
|a Texas A&M University
|b Rellis Campus
|c Joint Library Facility
|d Remote Storage
|t 0
|e TA658.2 .S76
|h Library of Congress classification
|i unmediated -- volume
|m A14805333714
|
| 998 |
f |
f |
|a TA658.2 .S76
|t 0
|l Remote Storage
|